000 00363nam a2200145Ia 4500
005 20240807062227.0
008 240806s9999||||xx |||||||||||||| ||eng||
041 _aeng
100 _aShambhunath
245 0 _aSamajik kranti ke dastavej (bhag-2) /
_cShambhunath
260 _bVani Prakashan, Delhi
300 _a617p.
650 _aGeneral Studies
942 _cBK
999 _c12376
_d12376